000 00759cam a22002413a 4500
001 29438
003 PGUSA
005 20140828083633.0
008 090718s2009||||xxu|||||s|||||000 | eng d
040 _aPGUSA
_beng
042 _adc
050 4 _aE201
245 1 4 _aThe Diplomatic Correspondence of the American Revolution, Vol. IX
_h[electronic resource]
260 _bProject Gutenberg,
_c2009
506 _aPublic domain in the USA.
516 _aElectronic text
653 _aUnited States -- Foreign relations -- 1775-1783
653 _aUnited States -- History -- Revolution, 1775-1783 -- Sources
700 1 _aSparks, Jared,
_d1789-1866
830 0 _aProject Gutenberg
_v29438
856 4 0 _uhttp://www.gutenberg.org/ebooks/29438
942 _cEB
999 _c258693
_d258693